000 00758nam a22002057a 4500
003 OSt
005 20251024020022.0
008 251014b |||||||| |||| 00| 0 eng d
020 _a1-55922-051-1.
040 _aDWCL-Main lib
_cOC
082 _aCirc. 205.6 T866c 2006
100 _aTrujillo, Alfonso Cardinal Lopez
245 _aThe case against condoms :
_bthe scientific and moral basis for the teaching of the Catholic Church on preventing the spread of disease
260 _aUSA :
_bHuman Life International,
_cc2006.
300 _a72 pages :
_billustration ;
_c22 cm.
504 _aIncludes bibliographical references.
650 _21. Birth control-Ethical aspects.
650 _22. Birth control-Religious aspects.
942 _2ddc
_cBK-CIRC
_kCirc.
_n0
999 _c4874
_d4874